000 00752cam a22002533a 4500
001 7812
003 PGUSA
005 20140828083149.0
008 050401s2005||||xxu|||||s|||||000 1 eng d
040 _aPGUSA
_beng
042 _adc
050 4 _aPQ
100 1 _aStaël, Madame de
_q(Anne-Louise-Germaine),
_d1766-1817
245 1 0 _aDelphine
_h[electronic resource] /
_cMadame de Staël
260 _bProject Gutenberg,
_c2005
506 _aPublic domain in the USA.
516 _aElectronic text
653 _aWomen -- Social conditions -- Fiction
653 _aWomen -- France -- 18th century -- Fiction
653 _aEpistolary fiction
830 0 _aProject Gutenberg
_v7812
856 4 0 _uhttp://www.gutenberg.org/ebooks/7812
942 _cEB
999 _c237112
_d237112